• 首页
  • 本馆介绍
  • 公告通知
  • 最新文献
  • 馆藏检索
  • 电子资源
  • 读者导购
  • 参考咨询
  • 我的图书馆
  • 登录
  • 详细信息显示
  • 放入我的书架
  • 预约/预借图书
  • 作者相关作品
  • 分类相关作品
  • 丛书相关作品
  • 出版社相关作品

书目信息

  • 表格格式
  • 工作单格式
  • 卡片格式
题名:
养老保险
    
 
作者: 王燕 , 董克用
分册:  
出版信息: 北京   中国人民大学出版社  2000
页数: 264
开本: 23cm
丛书名: 21世纪社会保障系列教材
单 册:
中图分类: F840.64
科图分类:
主题词: 保险
电子资源:
ISBN: 7-300-03275-3
000 00619nam0 2200217 450
001 0760515518
005 20070817164835.51
010    @a7-300-03275-3@d¥21.00
100    @a20070817d km y0chiy0120 ea
101 0  @achi
200 1  @a养老保险@Ayang lao bao xian@f董克用,王燕@Fdong ke yong,wang yan
210    @a北京@c中国人民大学出版社@d2000
215    @a264@d23cm
225 2  @a21世纪社会保障系列教材
410  0 @12001 @a21世纪社会保障系列教材
606 0  @a保险
690    @aF840.64@v3
701  0 @a王燕@Awang yan
701  0 @a董克用@Adong ke yong
801  0 @aCN@bPFT@c20070817
905    @a213230@dF840.64@eg38@f1
    
    养老保险/董克用,王燕.-北京:中国人民大学出版社,2000
    264;23cm.-(21世纪社会保障系列教材)
    
    
    ISBN 7-300-03275-3:¥21.00
    
●
相关链接 在E读中查询图书 在五车中查询图书 在当当中查询图书 在豆瓣中查询图书


正题名:养老保险     索取号:F840.64/g38         预约/预借

序号 登录号 条形码 馆藏地/架位号 状态 备注
1 6502474   265024742   密集书库-海洋学院/ [索取号:F840.64/g38] 在馆    
2 6502475   265024751   密集书库-海洋学院/ [索取号:F840.64/g38] 在馆    
唐山师范学院图书馆 欢迎您!
大连网信软件有限公司© 版权所有